Human resource development in higher education / (Record no. 20825)

MARC details
000 -LEADER
fixed length control field 00940nam a22002417a 4500
008 - FIXED-LENGTH DATA ELEMENTS--GENERAL INFORMATION
fixed length control field 090112t xxu||||| |||| 00| 0 eng d
010 ## - LCCN (DPL NO)
LC control number ENG-92447
020 ## - INTERNATIONAL STANDARD BOOK NUMBER
International Standard Book Number 8170543266
Terms of availability 600.00
035 ## - SYSTEM CONTROL NUMBER
System control number EN-75980
037 ## - SOURCE OF ACQUISITION
Source of stock number/acquisition DBAD / PUB
040 ## - CATALOGING SOURCE
Original cataloging agency dpl
Language of cataloging English
082 ## - DEWEY DECIMAL CLASSIFICATION NUMBER
Classification number 378.12
100 ## - MAIN ENTRY--PERSONAL NAME
Personal name Rastogi, Savita
245 ## - TITLE STATEMENT
Title Human resource development in higher education /
Statement of responsibility, etc by Savita Rastogi
260 ## - PUBLICATION, DISTRIBUTION, ETC. (IMPRINT)
Place of publication, distribution, etc New Delhi
Name of publisher, distributor, etc Classical Publishing Co.
Date of publication, distribution, etc 2009
270 ## - ADDRESS
Address 28, Shoppping Centre, Karampura,
City New Delhi
Postal code 110015
300 ## - PHYSICAL DESCRIPTION
Extent vii, 225p.
Dimensions 22cn (Hb)
500 ## - GENERAL NOTE
General note Includes bibliographical references
650 ## - SUBJECT ADDED ENTRY--TOPICAL TERM
Topical term or geographic name as entry element College teachers
General subdivision Training of.
650 ## - SUBJECT ADDED ENTRY--TOPICAL TERM
Topical term or geographic name as entry element College teaching.
General subdivision Training of.
942 ## - ADDED ENTRY ELEMENTS (KOHA)
Source of classification or shelving scheme Dewey Decimal Classification
Item type English Books
Call number suffix RAS
Classification part 378.12
Holdings
Withdrawn status Lost status Source of classification or shelving scheme Damaged status Not for loan Collection code Home library Current library Date acquired Source of acquisition Cost, normal purchase price Total Checkouts Full call number Barcode Date last seen Copy number Cost, replacement price Koha item type
    Dewey Decimal Classification   Not For Loan Non-fiction D.B.Act.Division D.B.Act.Division 12/01/2009 DBAD / PUB 600.00   378.12 RAS EN-75980 12/01/2009 1 600.00 English Books

© Delhi Public Library
Hit Counter
free hit counter